Personajes de High Fidelity (serie 2020) - Estadísticas

Estadísticas generales
  • Esta prueba ha sido intentada 3 veces
  • La puntuación promedio es 6 de 23
Estadísticas de respuestas
Imagen Respuesta % Correcto
Cherise
100%
Liam
100%
Mac
100%
Rob
100%
Simon
100%
Clyde
50%
Kat Monroe
50%
Benjamin
0%
Blake
0%
Cameron
0%
Carlos
0%
Hammer
0%
Justin Kitt
0%
Kevin Bannister
0%
Lily
0%
Lionel
0%
Nikki
0%
Noreen
0%
Peachy
0%
Shane
0%
Squid
0%
Tanya
0%
Tim
0%
No se encontraron pruebas coincidentes
Distribución de puntuación
Porcentaje de gente con cada puntuación
Porcentaje por número respondido
Historial de tus puntuaciones
No has intentado esta prueba.